| 000 | 00388nam a2200133 a 4500 | ||
|---|---|---|---|
| 005 | 20140414093838.0 | ||
| 008 | 030923s19uu xx 00 eng d | ||
| 050 |
_aCD 800 _bOR #09 |
||
| 245 |
_aLawrence of Arabia : _bone of the greatest Epic movie classic of all time / _cedited by: Anne V. Coates. |
||
| 500 | _a(disc 1, 2, 3, 4) | ||
| 650 | _aMovie | ||
| 942 | _cAVM | ||
| 999 |
_c109115 _d109115 |
||